Franz Schubert / (Record no. 8179)

MARC details
000 -LEADER
campo de control de longitud fija 01135nam a2200349 i 4500
001 - NÚMERO DE CONTROL
campo de control 8179
003 - IDENTIFICADOR DE NÚMERO DE CONTROL
campo de control ES-MaACL
005 - FECHA Y HORA DE LA ÚLTIMA TRANSACCIÓN
campo de control 20250602063218.0
007 - CAMPO FIJO DE DESCRIPCIÓN FÍSICA--INFORMACIÓN GENERAL
campo de control de longitud fija t|
008 - DATOS DE LONGITUD FIJA--INFORMACIÓN GENERAL
campo de control de longitud fija 920302s1991 sp |||| |bspa d
017 ## - NÚMERO DE COPYRIGHT O DE DEPÓSITO LEGAL
Número de copyright o de depósito legal M 21175-1991 (vol. I)
017 ## - NÚMERO DE COPYRIGHT O DE DEPÓSITO LEGAL
Número de copyright o de depósito legal M 21176-1991 (vol. II)
020 ## - NÚMERO INTERNACIONAL ESTÁNDAR DEL LIBRO
Número Internacional Estándar del Libro 84-7506-341-1
020 ## - NÚMERO INTERNACIONAL ESTÁNDAR DEL LIBRO
Número Internacional Estándar del Libro 8475063411
Información calificativa (vol. I)
020 ## - NÚMERO INTERNACIONAL ESTÁNDAR DEL LIBRO
Número Internacional Estándar del Libro 847506342x
Información calificativa (vol. II)
040 ## - FUENTE DE CATALOGACIÓN
Centro/agencia transcriptor ES-MaACL
080 ## - NÚMERO DE LA CLASIFICACIÓN DECIMAL UNIVERSAL
Número de la Clasificación Decimal Universal 929:78 Shubert, Franz
100 1# - ENTRADA PRINCIPAL--NOMBRE DE PERSONA
Nombre de persona Massin, Brigitte
9 (RLIN) 78822
Término indicativo de función/relación Autor
245 10 - MENCIÓN DEL TÍTULO
Título Franz Schubert /
Mención de responsabilidad, etc. Brigitte Massin ; traducido por Isabel Asumendi.
260 ## - PUBLICACIÓN, DISTRIBUCIÓN, ETC.
Lugar de publicación, distribución, etc. Madrid :
Nombre del editor, distribuidor, etc. Turner,
Fecha de publicación, distribución, etc. [1991]
300 ## - DESCRIPCIÓN FÍSICA
Extensión 2 v. (1475 p.) ;
Dimensiones 22 cm.
490 1# - MENCIÓN DE SERIE
Mención de serie Turner música
505 8# - NOTA DE CONTENIDO CON FORMATO
Nota de contenido con formato Contiene: 1 ;
Título Biografía - 2 ;
-- Obra
600 17 - PUNTO DE ACCESO ADICIONAL DE MATERIA--NOMBRE DE PERSONA
Nombre de persona Schubert, Franz
9 (RLIN) 144151
700 0# - ENTRADA AGREGADA--NOMBRE PERSONAL
Nombre de persona Asumendi, Isabel
9 (RLIN) 23710
Término indicativo de función/relación Traductor
830 0# - PUNTO DE ACCESO ADICIONAL DE SERIE-TÍTULO UNIFORME
Título uniforme Turner música
9 (RLIN) 178073
852 ## - LOCALIZACIÓN
Ubicación ES-MaACL
Número de control de estantería L-15505
Ubicación en estantería Depósito 2
Encuadernación Encuadernación cartoné con sobrecubierta
852 ## - LOCALIZACIÓN
Ubicación ES-MaACL
Número de control de estantería L-15506
Ubicación en estantería Depósito 2
Encuadernación Encuadernación cartoné con sobrecubierta
942 ## - ELEMENTOS DE ENTRADA SECUNDARIOS (KOHA)
Tipo de ítem Koha Libro impreso
Holdings
Estatus retirado Estado de pérdida Fuente del sistema de clasificación o colocación Estado de daño No para préstamo Biblioteca de origen Biblioteca actual Ubicación en estantería Fecha de adquisición Total de préstamos Signatura topográfica completa Código de barras Visto por última vez Precio de reemplazo Tipo de ítem Koha
    Clasificación decimal universal     Biblioteca del Ateneo de Madrid Biblioteca del Ateneo de Madrid Depósito 2 17/01/2008   L-15505 1008342 23/02/2023 23/02/2023 Libro impreso
    Clasificación decimal universal     Biblioteca del Ateneo de Madrid Biblioteca del Ateneo de Madrid Depósito 2 31/05/2025   L-15506   31/05/2025 31/05/2025 Libro impreso